| 000 | 00610nam a2200217Ia 4500 | ||
|---|---|---|---|
| 008 | 160517s9999 xx 000 0 und d | ||
| 050 | _aT 58.6 | ||
| 050 | _b.L697 2016 | ||
| 100 | _aLibunao, Alfred S. | ||
| 245 | _aPawnshop management system for JS pawnshop and precious gems inc. / | ||
| 245 | _cAlfred S. Libunao. | ||
| 260 | _aLas PiƱas, Philippines : | ||
| 260 | _bSISC, | ||
| 260 | _c2016. | ||
| 300 | _a119 pages : | ||
| 300 | _billustrations ; | ||
| 300 | _c28 cm. | ||
| 500 | _aIncludes bibliographical references and appendices. | ||
| 521 | _aInformation Technology | ||
| 942 | _cTH | ||
| 999 |
_c293950 _d293950 |
||